000 00437nam a22001697a 4500
003 NUST - PNEC
005 20170116181029.0
008 150919b xxu||||| |||| 00| 0 eng d
020 _a-
040 _cLIBRARY
082 _a005.43 HAB
100 _910966
_aHabermann, A. Nico
245 _aIntroduction to operating system design
_cA. Nico Habermann
260 _cc.1989
650 _916430
_aOperating System
_xMIS
942 _2ddc
_cBK
999 _c67664
_d67664